Боевое донесение № 0046 начальника штаба 54-й армии И. М. Викторова начальнику штаба Волховского фронта М. Н. Шарохину о ходе на...

RUSMARC
00004669cbm0a2200289#x 450
001200bbe7c-deb6-4499-ab3d-43f10c1fc062
00520240112105615.0
100##$a20240111j19430215k###0rusy50 ca
1010#$arus
102##$aRU
1220#$ad19430215##
2001#$aБоевое донесение № 0046 начальника штаба 54-й армии И. М. Викторова начальнику штаба Волховского фронта М. Н. Шарохину о ходе наступления частей армии
$j15 февраля 1943 г.
251##$cДокумент
300##$aПодлинник
461#0$12001
$aФ. 410
$1251
$cФонд
$1852
$j410
462#0$12001
$aОп. 10122
$1251
$cОпись
$1852
$j10122
462#0$12001
$aД. 291
$vЛ. 183-184
$1251
$cДело
$1852
$j291
60102$2prlib_sh
$3LIBNET\UAF\0000110285
$aВолховский фронт
$c1942, июнь - 1944, февраль
$jДокументы и материалы
605##$2prlib_sh
$3LIBNET\UAF\0000088514
$aВторая мировая война в архивных документах (Комплекс оцифрованных архивных документов, кино- и фотоматериалов)
$lколлекция
6061#$2nlr_sh
$3RU\NLR\AUTH\661264807
$aВеликая Отечественная война
$z1941 - 1945
$yЛенинградская область
$jДокументы и материалы
6061#$2nlr_sh
$3RU\NLR\AUTH\661253397
$aБлокада Ленинграда
$z1941 - 1944
$xПрорыв
$z1943
$jДокументы и материалы
686##$a63.3(2)622,12ю11
$vLBC/M
$2rubbk
801#0$aRU
$bПБ им. Б.Н. Ельцина
$c20240111
801#1$aRU
$bПБ им. Б.Н. Ельцина
$c20240111
$2rusmarc
801#2$aRU
$bПБ им. Б.Н. Ельцина
$c20240112
$2rusmarc
850##$aЦентральный архив Министерства обороны Российской Федерации
852##$aЦА МО РФ
$jЛ. 183-184
035##$aLIBNET\0001373003
937##$d190353304
$hФедеральное архивное агентство
8564#$uhttp://readingroom.main.prlib.ru/item.aspx?id_node=n190353304&mode=full
Формат отображения